000 00728nam a22001937a 4500
008 160307b xxu||||| |||| 00| 0 eng d
082 _a708
_bM5380
100 _aMendez, Mariangela [Curadora]
_94891
245 _aArchivo: La oreja roja
246 _aLa oreja roja
260 _aBogotá :
_b[Ministerio de Cultura],
_c2009
300 _a167 p. ;
_bill. (col.) ;
_c24 cm.
500 _aUn proyecto de investigación curatorial de Mariangela Mendez y Verónica Wiman para los 13 Salones Regionales de Artistas, Región Centro.
650 _aInvestigación curatorial
_94892
650 _aArtistas colombianos
_94893
650 _aArte
_zColombia
_93490
650 _aExposiciones
_94894
700 _aWiman, Verónica [Curadora]
_94895
999 _c887
_d887